| 000 | 02084cam a22004574i 4500 | ||
|---|---|---|---|
| 003 | PE-LiUPU | ||
| 005 | 20250731172819.0 | ||
| 008 | 150617s r 000 0 d | ||
| 035 | _a(Sirsi) a13938 | ||
| 040 |
_aPE-LiUPU _bspa _cPE-LiUPU _erda |
||
| 049 | _aPRUA | ||
| 082 | 0 | 4 |
_a262.1 _bF54 _221 |
| 100 | 1 |
_aFindlay, G.G., _eautor. |
|
| 245 | 1 | 4 |
_aThe epistle to the Ephesians / _cG. G. Findlay. |
| 264 | 1 |
_aNew York : _bRay Long & Richard R. Smith, _c1931. |
|
| 300 |
_a440 páginas ; _c19 cm |
||
| 336 |
_atext _2rdacontent |
||
| 337 |
_aunmediated _2rdamedia |
||
| 338 |
_avolume _2rdacarrier |
||
| 504 | _aIncluye bibliografía. | ||
| 505 | 0 | _aThe writer and readers. -The eternal purpose. -The bestowment of grace. -The final redemption. -for the eyes of the heart. -what god wrought in the christ. -From death to life. -Saved for an end. -The far and near. -The double reconciliation. -God's temple in humanity. -The secret of the ages. -Earth teaching heaven. -The comprehension of christ. -Knowing the unknowable. -The fundamental unities. -The measure of the gift of christ. -The growth of the church. -The walk of the gentiles. -The two human types. -Discarded vices. -Doctrine and ethics. -The children of the spirit. -Christian marriage. -Christ and his bride. -The christian household. -The foes of the church. -The divine panoply. | |
| 526 | _aSEG42 | ||
| 526 | _aSEG41 | ||
| 526 | _aSEG40 | ||
| 526 | _aSEG39 | ||
| 526 | _aP94 | ||
| 526 | _aP87 | ||
| 526 | _aP86 | ||
| 526 | _aP85 | ||
| 526 | _aP77 | ||
| 526 | _aP76 | ||
| 526 | _aP35 | ||
| 630 |
_aBiblia _pN.T. _xComentarios. |
||
| 910 |
_ajck _bjvq _cjck _d20150616 |
||
| 942 |
_2ddc _cBOOK |
||
| 949 |
_a262.1 F54 _wDEWEY _c1 _i00886 _lCCODEBUL1 _mBUL _p00.00 _r0 _sY _tBOOK _u19820822 _xTEOLOGIA _PP35 _0COMPRA _o.STAFF. Colección General |
||
| 994 |
_aC0 _bPEPRU |
||
| 596 | _a1 | ||
| 999 |
_a262.1 F54 _wDEWEY _c4360 _i00886 _f2021-11-12 _g5 _lCCODEBUL1 _mBUL _r0 _sY _tBOOK _u2015-6-17 _xTEOLOGIA _PP35 _0COMPRA _o.STAFF. Colección General _d4360 |
||
| 980 |
_81 _gALBERTO SANCHEZ Responsable de Automatización |
||